Koncept študijného predmetu EMAS na slovenských vysokých školách bakalárska práca
Gespeichert in:
| 1. Verfasser: | |
|---|---|
| Körperschaft: | |
| Weitere Verfasser: | |
| Format: | Buch |
| Sprache: | Slowakisch |
| Veröffentlicht: |
Košice
2017
|
| Tags: |
Keine Tags, Fügen Sie das erste Tag hinzu!
|
MARC
| LEADER | 00000nbm a2200000 4500 | ||
|---|---|---|---|
| 001 | 0235317 | ||
| 005 | 20171113105947.4 | ||
| 041 | 0 | |a slo | |
| 044 | |a SK | ||
| 245 | 1 | 0 | |a Koncept študijného predmetu EMAS na slovenských vysokých školách |b bakalárska práca |c Erik Slatina ; školiteľ: Milan Majerník |
| 264 | 1 | |a Košice |c 2017 | |
| 300 | |a 55 s. | ||
| 100 | 1 | |a Slatina, Erik | |
| 700 | 1 | |a Majerník, Milan | |
| 710 | 2 | |a Podnikovohospodárska fakulta EU so sídlom v Košiciach. Katedra manažmentu | |